000 00395nam a2200121Ia 4500
008 171212s9999 xx 000 0 und d
020 _a9780833037428
100 _aGlenn, Russell W.;Kingston, Gina
245 _cGlenn, Russell W.;Kingston, Gina
_aUrban Battle Command in the 21st Century
260 _bRAND Corporation
_c2005
650 _aHistory
856 _uwww.jstor.org/stable/10.7249/mg181a
999 _c352788
_d352788